header

Cases in Financial Reporting: (Record no. 254990)

MARC details
000 -LEADER
fixed length control field 00485nam a22001697a 4500
003 - CONTROL NUMBER IDENTIFIER
control field OSt
005 - DATE AND TIME OF LATEST TRANSACTION
control field 20230824104604.0
008 - FIXED-LENGTH DATA ELEMENTS--GENERAL INFORMATION
fixed length control field 160810b xxu||||| |||| 00| 0 eng d
020 ## - INTERNATIONAL STANDARD BOOK NUMBER
International Standard Book Number 0131881205
040 ## - CATALOGING SOURCE
Transcribing agency NA
050 ## - LIBRARY OF CONGRESS CALL NUMBER
Classification number HF5681
Item number .B2 2006
100 ## - MAIN ENTRY--PERSONAL NAME
Personal name D.Eric Hirst
245 ## - TITLE STATEMENT
Title Cases in Financial Reporting:
Remainder of title An Integrated Approach with an Emphasis on Earning Quality and Persistence
250 ## - EDITION STATEMENT
Edition statement 5th Edition
260 ## - PUBLICATION, DISTRIBUTION, ETC. (IMPRINT)
Place of publication, distribution, etc New Jersey
Name of publisher, distributor, etc Prentice Hall
Date of publication, distribution, etc 2006
942 ## - ADDED ENTRY ELEMENTS (KOHA)
Source of classification or shelving scheme Library of Congress Classification
Koha item type Long Loan Books
Holdings
Withdrawn status Lost status Source of classification or shelving scheme Damaged status Not for loan Collection code Home library Current library Shelving location Date acquired Total Checkouts Full call number Barcode Date last seen Date checked out Price effective from Koha item type
    Library of Congress Classification     Non-fiction Rongo University Library Rongo University Library General Stacks 10/08/2016 1 HF5681 .B2 2006 201615425 15/12/2022 05/12/2022 10/08/2016 Long Loan Books

© 2026 Rongo University
Contact us: librarian | system librarian | Rongo university